000 00306nam a2200133Ia 4500
005 20251222144624.0
008 251222s9999||||xx |||||||||||||| ||spa||
082 _a370.1/P66
100 _aPlanchard, Emile
245 0 _aLa Pedagogía Contemporánea
250 _a4a.ed.
264 _bRialp
942 _cLIB
999 _c16059
_d16059